| 000 | 00881nam a22002297a 4500 | ||
|---|---|---|---|
| 005 | 20180507171852.0 | ||
| 010 | _a1718EN-30 ENG-122886 B-681965-971 | ||
| 020 |
_a9789386050960 _c399.00 |
||
| 035 | _aEN-106418 | ||
| 035 | _aB-681965-971 | ||
| 037 |
_bPragati _adpl |
||
| 037 | _bDBAD/PUB. | ||
| 082 | _a306.095441 | ||
| 100 | _aSheikh, Malika Amar | ||
| 245 | 1 | 4 |
_aI want to destroy myself: _cby Malika Amar Sheikh translated by Jerry Pinto from Marathi _ba memoir / |
| 260 |
_aNew Delhi _bSpeaking Tiger Publishing _c2016 |
||
| 270 |
_a4381/4,Ansari Road,Daryaganj _bNew Delhi _e110002 |
||
| 300 |
_a200p. _c21cm.(Hb) |
||
| 700 | _aPinto, Jerry | ||
| 942 |
_2ddc _cEN _mSHA _h306.095441 |
||
| 999 |
_c145597 _d145597 |
||